| 000 | 01692nam a2200325 c 4500 | ||
|---|---|---|---|
| 003 | BLK | ||
| 005 | 20241122141730.0 | ||
| 008 | 180408b bul|||||r ||||||| ||bul|| | ||
| 010 | _aKNG00092183000 | ||
| 020 |
_a978-954-09-0214-2 _bиздат.: Захарий Стоянов |
||
| 040 | _aBLK | ||
| 041 |
_aBUL _cBUL |
||
| 080 |
_aБългарска литература _b821.163.2 _x-1 _z821.163.2-1 |
||
| 100 |
_aСлавейков, Пенчо Петков _d1866-1912 _gПоет. Фолклорист. Преводач от немски и руски език. _9364367 |
||
| 700 |
_aСлавейков, Пенчо Петков _d1866-1912 _gПоет. Фолклорист. Преводач от немски и руски език. _9364367 |
||
| 700 | 1 |
_aПетров, Никола _eхудож. _9368645 |
|
| 139 |
_aСлавейков, Пенчо Петков _bС 42 |
||
| 245 | 1 | 0 |
_aНа Острова на блажените _bАнтология _cПенчо Петков Славейков; прев. Пенчо Петков Славейков; худож. Никола Петров. |
| 257 | _aBGR | ||
| 260 |
_аСофия _bЗахарий Стоянов _c2008 _fСофия : Д. Благоев |
||
| 300 |
_a320 с. _bс портр. _c23 см |
||
| 380 | _aX | ||
| 500 | _aБиогр. на поетите са написани, а стиховете прев. от Пенчо Славейков ; Портр. са нарисувани от Никола Петров | ||
| 852 | _aЦб 245817 | ||
| 856 | 4 |
_qpdf _u |
|
| 856 | 4 |
_qpdf _u |
|
| 942 |
_cKNG _n0 _01 |
||
| 944 |
_aCR _c23.10.2009 _k30530 _lМинев Младен |
||
| 944 |
_aED _c11.08.2016 _kГеновева_Генчева |
||
| 999 |
_c87540 _d87540 |
||